Il ricongiungimento familiare nell’ordinamento Europeo Tra integrazione del mercato e tutela dei diritti fondamentali

Bibliographic Details
Main Author: Palladino, Rossana
Format: eBook
Language:Italian
Published: Bari : Cacucci Editore, 2012
Subjects:
Online Access:http://www.vlex.com/source/7265

MARC

LEADER 00000nam a22000007a 4500
005 20130226154220.0
007 cr|||| ||||
008 130226e2012 it |||||s|||| 00||0 ita d
020 |a 9788866112051 
035 |a 7265 
040 |a vLex 
090 |c 3768  |d 3768 
100 1 0 |a Palladino, Rossana 
245 1 3 |a Il ricongiungimento familiare nell’ordinamento Europeo  |b Tra integrazione del mercato e tutela dei diritti fondamentali  |h [Recurso electrn̤ico] 
256 |a Servicio en ln̕ea 
260 |a Bari :  |b Cacucci Editore,   |c 2012  
300 |a 1 Recurso electrn̤ico 
650 0 4 |a Derecho comunitario 
740 |a vLex Libros (Servicio en ln̕ea) 
856 |a Acceso restringido  |u http://www.vlex.com/source/7265 
942 |c BOOK 
999 0 |a European Union